|
|
|
|
| LEADER |
00996nam a2200349 4500 |
| 001 |
DLU060056915 |
| 005 |
##20021106102609.0 |
| 008 |
##940830s1994 si a b 010 0 eng d |
| 010 |
# |
# |
|a 95104222
|
| 020 |
# |
# |
|a 981020028
|
| 035 |
# |
# |
|9 (DLC) 95104222
|
| 035 |
# |
# |
|a (OCoLC)31031157
|
| 040 |
# |
# |
|a WaU
|c WaU
|d IU
|d DLC
|
| 042 |
# |
# |
|a lccopycat
|
| 082 |
# |
# |
|a 515.43
|b CE-V
|
| 100 |
# |
# |
|a Čelidze, V. G.
|
| 245 |
# |
# |
|a The theory of the Denjoy integral and some applications. /
|c V. G. Čelidze, A. G. Džvaršeǐšvili
|
| 260 |
# |
# |
|a Singapore :
|b World Scientific,
|c 1989.
|
| 300 |
# |
# |
|a xiii, 322p ;
|c 22 cm.
|
| 440 |
# |
# |
|a Series in real analysis.
|v v. 3
|
| 504 |
# |
# |
|a Includes bibliographical references.
|
| 700 |
# |
# |
|a Džvaršeǐšvili, A. G.
|
| 923 |
# |
# |
|a 26/2006
|
| 992 |
# |
# |
|a 10100
|
| 994 |
# |
# |
|a DLU
|
| 900 |
# |
# |
|a True
|
| 911 |
# |
# |
|a Thái Thị Thanh Thủy
|
| 925 |
# |
# |
|a G
|
| 926 |
# |
# |
|a A
|
| 927 |
# |
# |
|a SH
|
| 980 |
# |
# |
|a Thư viện Trường Đại học Đà Lạt
|